| 000 | 00402nam a22001577a 4500 | ||
|---|---|---|---|
| 020 | _a8126504668 | ||
| 082 |
_222 _a005.117 |
||
| 100 | _aEriksson, Hans-Erit...[et al.]. | ||
| 245 | _aUML 2 toolkit / | ||
| 260 |
_aNew Delhi, _bWiley India, _cc2011. |
||
| 300 |
_axvi, 511p. ; _bill. ; _c23 cm. |
||
| 700 | _aPenkar, Magnus, | ||
| 700 | _aLyons, Brain, | ||
| 700 | _aand Fado, David. | ||
| 942 |
_2ddc _cIT _02 |
||
| 999 |
_c887 _d887 |
||